书目信息 |
| 题名: |
元素的环境化学
|
|
| 作者: | H.J.M鲍恩 著 | |
| 分册: | ||
| 出版信息: | 北京 科学出版社 1986.09 |
|
| 页数: | 242页 | |
| 开本: | 16开 | |
| 丛书名: | ||
| 单 册: | ||
| 中图分类: | X13 | |
| 科图分类: | ||
| 主题词: | 环境化学 | |
| 电子资源: | ||
| ISBN: | ||
| 000 | 00520nam0 2200193 45 | |
| 001 | 0006131052 | |
| 005 | 20000613104539.9 | |
| 010 | @d3.75元 | |
| 100 | @a20000613d1986 km y0chiy0120 ea | |
| 101 | 0 | @achi |
| 105 | @a z 000yy | |
| 200 | 1 | @a元素的环境化学@AYuan Su De Huan Jing Hua Xue@fH.J.M鲍恩著@FH.J.M Bao En Zhu |
| 210 | @a北京@c科学出版社@d1986.09 | |
| 215 | @a242页@d16开 | |
| 606 | 0 | @a环境化学 |
| 690 | @aX13@v3 | |
| 701 | 0 | @aH.J.M鲍恩@4著 |
| 801 | @aCN@bPftUser@c20000613 | |
| 905 | @b204332@dX13@eB-231@f1 | |
| 元素的环境化学/H.J.M鲍恩著.-北京:科学出版社,1986.09 |
| 242页;16开 |
| ISBN :3.75元 |
| ● |
| 相关链接 |
|
|
|
正题名:元素的环境化学
索取号:X13/B-231
 
预约/预借
| 序号 | 登录号 | 条形码 | 馆藏地/架位号 | 状态 | 备注 |
| 1 | 204332 | 202043323 | 自科库501/501自科库 62排1列2层/ [索取号:X13/B-231] | 在馆 |